AH International Schools' Libraries

Titanic / (Record no. 35905)

MARC details
000 -LEADER
fixed length control field 00330nam a22001217a 4500
008 - FIXED-LENGTH DATA ELEMENTS--GENERAL INFORMATION
fixed length control field 170428b xxu||||| |||| 00| 0 eng d
020 ## - INTERNATIONAL STANDARD BOOK NUMBER
International Standard Book Number 9781407178752(pbk.)
100 ## - MAIN ENTRY--PERSONAL NAME
Personal name Davies, Stephen
9 (RLIN) 86118
245 ## - TITLE STATEMENT
Title Titanic /
Statement of responsibility, etc Stephen Davies
260 ## - PUBLICATION, DISTRIBUTION, ETC. (IMPRINT)
Place of publication, distribution, etc UK
Name of publisher, distributor, etc Scholastic Inc.
Date of publication, distribution, etc c2017.
300 ## - PHYSICAL DESCRIPTION
Extent 154p.
Dimensions 20 x 13 cm.
942 ## - ADDED ENTRY ELEMENTS (KOHA)
Source of classification or shelving scheme
Item type Book
Holdings
Withdrawn status Lost status Source of classification or shelving scheme Damaged status Not for loan Home library Current library Shelving location Date acquired Cost, normal purchase price Total Checkouts Total Renewals Full call number Barcode Date last seen Date last borrowed Price effective from Koha item type
          Asian Hope Primary Library Asian Hope Primary Library Junior Fiction 04/28/2017 0.00 52 1 J FIC DAV 208104 02/05/2026 01/29/2026 04/28/2017 Book

For any Logos Library related questions please contact Miss Art at swongnarasuk@asianhope.org.

For any Asian Hope Library related questions please contact Miss Raza at graza@asianhope.org.

Click here to explore our ebooks!

Powered by Koha